Os 10 maiores artilheiros do Corinthians no século 21 - Statistics

Estatísticas Gerais
  • Esse quiz foi jogado 346 vezes
  • A pontuação média é 7 de 10
Estatísticas das Respostas
Qtde. Gols Jogador % Correto
59 gols Ángel Romero
95%
43 gols Yuri Alberto
95%
65 gols
92%
43 gols Róger Guedes
81%
54 gols Paolo Guerrero
73%
46 gols Carlos Tévez
64%
50 gols Jadson
63%
49 gols Liédson
48%
57 gols Gil
35%
55 gols Dentinho
30%
Nenhum quiz correspondente encontrado
Distribuição das Pontuações
Porcentagem de Pessoas com Cada Pontuação
Percentil de Números Respondidos
Sua Pontuação Histórica
Você não jogou esse quiz